000 00698nam a2200229 i 4500
003 DO-SdBNP
005 20250225133320.0
007 ta
008 250225b200- dr ac||| |||| 00| 0 spa d
020 _a9789945921625
040 _aDO-SdBNP
_bspa
_cBNPHU
_erda
082 4 _axxx
_bxxx
_222
245 0 0 _aSistematización experiencia Score en la República Dominicana
264 1 _aSanto Domingo :
_bINFOTEP,
_cfecha no identificada,
300 _a83 páginas :
_bilustraciones, retratos ;
_c29 cm-
336 _atexto
_btxt
_2rdacontent
337 _asin mediación
_bn
_2rdamedia
338 _avolumen
_bnc
_2rdacarrier
590 _aInventariado, 2025/BT
910 _aBtavárez
942 _2ddc
_cLBS1
999 _c58233
_d58233